Ariana Grande - Paroles Love Me Harder - Statistiques

Statistiques générales
  • Ce quiz a été pris 150 fois
  • Le résultat moyen est 374 sur 427
Statistiques - réponses
Hint Réponse % Correct
I
100%
me
100%
me,
100%
me)
100%
you
100%
You
100%
(you
100%
you,
100%
a
98%
and
98%
Pré-refrain And
98%
go
98%
to
98%
harder
97%
harder)
97%
Harder,
97%
harder,
97%
If
97%
if
97%
know
97%
(Lo-love
97%
love
97%
Love
97%
(love
97%
love)
97%
(Love
97%
my
97%
Bridge So
97%
need
95%
(oh)
94%
Post-refrain | Pré-refrain Ooh-ooh-ooh-ooh
94%
Got
93%
got
93%
(Got
93%
it
93%
it,
93%
it)
93%
take
93%
let
92%
the
92%
The
92%
something
91%
Something
91%
When
91%
your
91%
Couplet 1 Tell
90%
in
88%
never
88%
this
87%
breath
86%
lip
86%
real
85%
Refrain 'Cause
84%
want
84%
gotta,
83%
gotta
83%
pain
82%
Then
82%
pleasure,
81%
pleasure
81%
with
81%
Baby,
79%
baby,
79%
baby)
79%
really
79%
keep
78%
moment,
78%
moment
78%
bit
77%
Give
77%
just
77%
(Just
77%
believe
76%
reason
75%
mine
74%
about
72%
space
72%
leave
71%
leave,
71%
behind
70%
bite
70%
Can
70%
do
70%
I'll
70%
feel
68%
is
68%
that
68%
time
68%
try,
68%
try
68%
again,
67%
again
67%
first
67%
can't
65%
what
65%
invade
63%
it's
63%
like
63%
make
63%
stay
63%
between
62%
hips?
62%
out?
61%
out)
61%
figure
60%
(Figure
60%
I'm
60%
(I'ma
60%
gonna
55%
get
51%
bigger
50%
pressure
50%
(whoa)
50%
motives
49%
you'll
49%
ones
47%
choose
46%
yeah
46%
than
44%
little
43%
us
41%
tend
38%
bliss
37%
beyond
35%
moaning,
30%
hey)
15%
(Boy,
14%
Aucun quiz correspondant
Distribution des résultats
% des personnes avec chaque résultat
Percentile par nombre de réponses
Votre historique - résultats
Vous n’avez pas pris ce quiz